000 00503nam a22001697a 4500
005 20251108163352.0
008 250721s1988 xx 000 0 ara d
082 1 4 _a/001.64ويز
100 1 _aجوزيف، ويزنبوم
245 1 0 _aقدرة الكمبيوتر و العقل البشري /
264 1 _aدمشق :
_bدار طلاس للدراسات،
_c1988.
300 _a327ص
650 1 7 _aالحواسيب
700 1 _aالجاني، صبحي
_eترجمة
942 _2ddc
_cBK
999 _c938
_d938